| 000 | 00552nam a2200193 4500 | ||
|---|---|---|---|
| 001 | 82430 | ||
| 003 | ES-MaACL | ||
| 005 | 20230906174654.0 | ||
| 007 | t| | ||
| 008 | 041110q1932 sp |||| | spa d | ||
| 080 | _a239 | ||
| 100 | 1 |
_aIbarreta, Rogelio H. de. _964971 |
|
| 245 | 1 | 3 |
_aLa religión al alcance de todos / _cRogelio H. Ibarreta. |
| 250 | _a10ª ed. | ||
| 260 |
_aMadrid : _b[s.n., _cca. 1932 ] ( _fSáez Hermanos) |
||
| 300 |
_a286 p. ; _c20 cm. |
||
| 650 | 4 |
_aCristianismo- _vObras de controversia. _911431 |
|
| 852 | 4 |
_aES-MaACL _jD-1949 |
|
| 999 |
_c82430 _d82430 |
||